Využití osobního počítače Robotron 1715 v knihovnách a střediscích VTEI /

Gespeichert in:
Bibliographische Detailangaben
1. Verfasser: Šťastná, Z (ZRE)
Format: Buch
Sprache:Tschechisch
Veröffentlicht: Praha : UVTEI, 1987
Schlagworte:
Tags: Tag hinzufügen
Keine Tags, Fügen Sie das erste Tag hinzu!

MARC

LEADER 00000nam a22000003a 4500
001 stu44271
005 20150617225718.4
008 950220s1987----cs------------------cze-d
040 |a STU  |b slo 
041 0 |a cze 
044 |a cs 
080 |a 681.3 
080 |a 025"R1715"  |7 stu_us_auth*stu1516 
100 1 |a Šťastná, Z  |4 ZRE 
245 1 |a Využití osobního počítače Robotron 1715 v knihovnách a střediscích VTEI /  |c Sprac. Z. Šťastná 
260 |a Praha :  |b UVTEI,  |c 1987 
300 |a 20 záznamov (1985-1987 
650 7 |a Počítače R 1715  |2 stusub 
650 7 |a knižnice  |2 stusub 
650 7 |a využitie  |2 stusub 
650 7 |a rešerš  |2 stusub 
996 |b M R-8  |c M*R-8  |l MMKN  |s A  |a 24  |w stu44271_0001